000 00923nam a22002417a 4500
005 20241016102534.0
008 241016b ||||| |||| 00| 0 eng d
020 _a9992267119
040 _aCO-BoUCM
_cDavid Moreno
_dDavid Moreno
041 _aspa
100 1 _aLandívar, Rafael
_d1731-1793
_9183526
245 1 0 _aRusticatio mexicana
_cRafael Landivar
250 _a2a. Ed
260 _aGuatemala
_bUniversidad Rafael Landívar
_c2001
300 _a112 páginas, 2 páginas sin numerar, xxviii, 209 páginas, 2 páginas sin numerar, 3 hojas de láminas sin numerar
_bilustraciones
490 _aEditorial Universitaria, no. 6
504 _aIncluye referencias bibliográficas
650 1 4 _aPoesia guatemalteca
_921814
650 1 4 _aLiteratura guatemalteca
_918664
700 1 _aChamorro González, Faustino
_9183527
942 _2DEWEY
_a18
_cLIBRO
_e1
_h861
_mL257r
_n0
999 _c324939
_d324939